| 000 | 00584nam a2200241Ia 4500 | ||
|---|---|---|---|
| 001 | 18437 | ||
| 003 | GE_BSU | ||
| 008 | 181216s||||||||xx |||||||||||||| ||und|| | ||
| 020 | _a9780273743934 | ||
| 040 | _cGE_BSU | ||
| 080 | _a331 | ||
| 100 | _aJay,Ros | ||
| 245 | _aBrilliant interview | ||
| 245 | _bWhat employers want to hear and how to say it. | ||
| 250 | _a3rd edition | ||
| 260 | _aHarlow | ||
| 260 | _bPearson | ||
| 260 | _c2011 | ||
| 300 | _a202p. 22 cm. | ||
| 653 | _aBrilliant interview | ||
| 653 | _aWhat employers want to hear and how to say it. | ||
| 942 | _cBK | ||
| 999 |
_c51451 _d51451 |
||